[Event "ROM-chT2"]
[Site "Gilau"]
[Date "2018.10.14"]
[Round "8.1"]
[White "Oltean, Dorel"]
[Black "Dumitru, Victor Iulian"]
[Result "0-1"]
[WhiteElo "2351"]
[BlackElo "2088"]
[PlyCount "64"]
[EventDate "2018.10.07"]
[EventType "team-swiss"]
[EventRounds "9"]
[EventCountry "ROU"]
[SourceTitle "CBM 189 Extra"]
[Source "ChessBase"]
[SourceDate "2019.05.31"]
[SourceVersion "1"]
[SourceVersionDate "2019.05.31"]
[SourceQuality "1"]
[WhiteTeam "Cluj Napoca"]
[BlackTeam "Ineu"]
[WhiteTeamCountry "ROU"]
[BlackTeamCountry "ROU"]

1. e4 c5 2. Nf3 d6 3. d4 cxd4 4. Nxd4 Nf6 5. Nc3 a6 6. f4 Qc7 7. Be3 Nbd7 8. Be2 b5 9. Bf3 e5 10. Nb3 Bb7 11. Qd2 Be7 12. 0-0-0 0-0 13. Qf2 Rfc8 14. Kb1 b4 15. Nd5 Bxd5 16. exd5 e4 17. Be2 Qxc2+ 18. Ka1 Qc7 19. g4 a5 20. g5 a4 21. Rc1 Qd8 22. Nd4 Nxd5 23. Nc6 Qe8 24. Bg4 Rxc6 25. Rxc6 Nc5 26. Rxc5 dxc5 27. Bxc5 a3 28. b3 Bxc5 29. Qxc5 Nxf4 30. Kb1 Nd3 31. Qf5 Qc6 32. Rf1 Rf8 0-1

[Event "ROM-chT2"]
[Site "Gilau"]
[Date "2018.10.13"]
[Round "7.1"]
[White "Dumitru, Victor Iulian"]
[Black "Pisu, Robert Daniel"]
[Result "1/2-1/2"]
[WhiteElo "2088"]
[BlackElo "2234"]
[PlyCount "121"]
[EventDate "2018.10.07"]
[EventType "team-swiss"]
[EventRounds "9"]
[EventCountry "ROU"]
[SourceTitle "CBM 187 Extra"]
[Source "ChessBase"]
[SourceDate "2018.11.04"]
[SourceVersion "1"]
[SourceVersionDate "2018.11.04"]
[SourceQuality "1"]
[WhiteTeam "Ineu"]
[BlackTeam "Galati Smart"]
[WhiteTeamCountry "ROU"]
[BlackTeamCountry "ROU"]

1. e4 c6 2. d4 d5 3. Nd2 dxe4 4. Nxe4 Bf5 5. Ng3 Bg6 6. Nf3 Nd7 7. Bd3 e6 8. 0-0 Ngf6 9. Re1 Be7 10. b3 a5 11. Bxg6 hxg6 12. Qd3 0-0 13. a4 Qc7 14. Ng5 Rfd8 15. Qf3 Nf8 16. Bf4 Bd6 17. Be5 Bxe5 18. dxe5 N6h7 19. Nxh7 Nxh7 20. Qe3 Rd5 21. c4 Rd7 22. Rad1 Rad8 23. Rxd7 Rxd7 24. Kf1 Qd8 25. Ke2 Qh4 26. h3 g5 27. Rd1 Rxd1 28. Kxd1 Nf8 29. Ne4 g4 30. Qf4 Ng6 31. Qxg4 Qd8+ 32. Nd6 Nxe5 33. Qd4 f6 34. c5 Nf7 35. Kc2 b6 36. Qd2 Nxd6 37. cxd6 Kf7 38. f4 Ke8 39. Qd3 Kd7 40. g3 Qf8 41. Qa6 Qb8 42. h4 Kxd6 43. Qd3+ Ke7 44. Qh7 Kf7 45. h5 Qf8 46. Qg6+ Ke7 47. Qe4 Kd7 48. Qd4+ Kc7 49. g4 Qd6 50. Qe3 Qd5 51. g5 Qf5+ 52. Kb2 e5 53. gxf6 gxf6 54. fxe5 fxe5 55. h6 Qh5 56. Ka3 Kb7 57. Qd2 Qh4 58. Qd7+ Ka6 59. Qc8+ Ka7 60. Qc7+ Ka6 61. Qc8+ 1/2-1/2

[Event "ROM-chT Div-A"]
[Site "Slanic Moldova"]
[Date "2011.10.06"]
[Round "5"]
[White "Bogdan, Dan"]
[Black "Dumitru, Victor Iulian"]
[Result "1/2-1/2"]
[WhiteElo "2367"]
[BlackElo "2081"]
[PlyCount "132"]
[EventDate "2011.10.03"]
[EventType "team-tourn"]
[EventRounds "9"]
[EventCountry "ROU"]
[SourceTitle "CBM 144 Extra"]
[Source "ChessBase"]
[SourceDate "2011.10.28"]
[SourceVersion "1"]
[SourceVersionDate "2011.10.28"]
[SourceQuality "1"]

1. c4 e5 2. Nc3 Nf6 3. g3 d5 4. cxd5 Nxd5 5. Bg2 Nb6 6. Nf3 Nc6 7. 0-0 Be7 8. Rb1 0-0 9. a3 Be6 10. b4 a6 11. d3 Nd5 12. Bb2 Nxc3 13. Bxc3 f6 14. a4 Qd7 15. b5 axb5 16. axb5 Nd4 17. Bxd4 exd4 18. Nd2 Ra5 19. Qc2 Ra2 20. Rb2 Rxb2 21. Qxb2 Ra8 22. Nc4 Ra4 23. Bxb7 Rb4 24. Bc6 Rxb2 25. Bxd7 Bxc4 26. dxc4 Rxe2 27. Rd1 Bc5 28. Bf5 g6 29. Bd3 Ra2 30. g4 Kg7 31. h4 Rb2 32. Kg2 Be7 33. Kf3 f5 34. gxf5 gxf5 35. Bxf5 Bxh4 36. Rxd4 Rxf2+ 37. Kg4 Be7 38. Rd7 h5+ 39. Kg3 Rxf5 40. Rxe7+ Rf7 41. Re5 Kg6 42. Rd5 Rf5 43. Rd7 Rc5 44. Rd4 Kf5 45. Kf3 Ke6 46. Ke4 Re5+ 47. Kd3 Ke7 48. Kc3 Rg5 49. Kb4 Ke8 50. Rh4 Kd7 51. Rh1 Kc8 52. Rf1 Rg8 53. Rh1 Rh8 54. Rh4 Rh6 55. c5 Kd7 56. Kc4 Ke6 57. b6 cxb6 58. cxb6 Kd7 59. Kb5 Kc8 60. Ka6 Kb8 61. Rf4 Rh8 62. Rh4 Rh6 63. Re4 Rh8 64. Ra4 Rh6 65. Re4 Rh8 66. Ra4 Rh6 1/2-1/2

[Event "ROM-chT Div-A"]
[Site "Slanic Moldova"]
[Date "2011.10.06"]
[Round "6"]
[White "Dumitru, Victor Iulian"]
[Black "Biro, Sandor"]
[Result "1/2-1/2"]
[WhiteElo "2081"]
[BlackElo "2294"]
[PlyCount "44"]
[EventDate "2011.10.03"]
[EventType "team-tourn"]
[EventRounds "9"]
[EventCountry "ROU"]
[SourceTitle "CBM 144 Extra"]
[Source "ChessBase"]
[SourceDate "2011.10.28"]
[SourceVersion "1"]
[SourceVersionDate "2011.10.28"]
[SourceQuality "1"]

1. e4 e5 2. Nf3 Nc6 3. Bb5 a6 4. Ba4 d6 5. 0-0 Bg4 6. h3 h5 7. d3 Qf6 8. Bxc6+ bxc6 9. hxg4 hxg4 10. Ng5 Qh6 11. f4 Nf6 12. Kf2 Qh2 13. fxe5 dxe5 14. Be3 Be7 15. Nd2 Qh4+ 16. Ke2 Nh5 17. Ngf3 gxf3+ 18. Nxf3 Ng3+ 19. Ke1 Qh5 20. Rg1 0-0-0 21. Nd2 Qg6 22. Qf3 Rd6 1/2-1/2

[Event "ROM-ch sf"]
[Site "Sovata"]
[Date "2001.03.16"]
[Round "9"]
[White "Dumitru, Victor Iulian"]
[Black "Mihailov, Iulian"]
[Result "1/2-1/2"]
[WhiteElo "2162"]
[BlackElo "2110"]
[PlyCount "121"]
[EventDate "2001.03.10"]
[EventType "swiss"]
[EventRounds "11"]
[EventCountry "ROU"]
[SourceTitle "EXT 2008"]
[Source "ChessBase"]
[SourceDate "2007.11.25"]
[SourceVersion "1"]
[SourceVersionDate "2007.11.25"]
[SourceQuality "1"]

1. e4 c5 2. Nf3 Nc6 3. d4 cxd4 4. Nxd4 Nf6 5. Nc3 d6 6. f3 e5 7. Nb3 Be6 8. Nd5 Bxd5 9. exd5 Nb8 10. Be3 Nbd7 11. c4 g6 12. Bd3 b6 13. Qd2 Nc5 14. Nxc5 bxc5 15. b4 cxb4 16. Qxb4 Bg7 17. 0-0 0-0 18. Rab1 Qc7 19. Qb7 Qa5 20. Qc6 Rfd8 21. Rf2 Qc3 22. Rb3 Qe1+ 23. Bf1 e4 24. Bd2 Qd1 25. Ba5 Rdc8 26. Qxd6 Ne8 27. Qb4 Bd4 28. fxe4 Nf6 29. Qd2 Bxf2+ 30. Qxf2 Nxe4 31. Qe2 Qd4+ 32. Qe3 Qxe3+ 33. Rxe3 f5 34. Rb3 Nd6 35. Rc3 Ne4 36. Rc2 Rab8 37. a3 Rb3 38. Bb4 a5 39. Bxa5 Rxa3 40. Bb6 Ra6 41. Bd4 Ra5 42. Rb2 Ra1 43. Rc2 Rd1 44. Be3 Rxd5 45. Be2 Ra5 46. g3 Ra1+ 47. Kg2 Ra3 48. Bf4 Rc3 49. Rb2 g5 50. Be5 Re3 51. Bd4 Rxe2+ 52. Rxe2 Rxc4 53. Bb2 Kf7 54. Kf3 g4+ 55. Ke3 Rb4 56. Rc2 Kg6 57. Rc6+ Kg5 58. Bc1 Nf6 59. Kd3+ Kg6 60. Kc3 Rb8 61. Ba3 1/2-1/2

[Event "ROM-ch sf"]
[Site "Sovata"]
[Date "2001.03.11"]
[Round "2"]
[White "Florescu, Codrut Constantin"]
[Black "Dumitru, Victor Iulian"]
[Result "1-0"]
[WhiteElo "2332"]
[BlackElo "2162"]
[PlyCount "105"]
[EventDate "2001.03.10"]
[EventType "swiss"]
[EventRounds "11"]
[EventCountry "ROU"]
[SourceTitle "EXT 2008"]
[Source "ChessBase"]
[SourceDate "2007.11.25"]
[SourceVersion "1"]
[SourceVersionDate "2007.11.25"]
[SourceQuality "1"]

1. e4 c5 2. Nf3 d6 3. d4 cxd4 4. Nxd4 Nf6 5. Nc3 a6 6. f4 e6 7. Be2 Be7 8. Be3 Qc7 9. Bf3 Nc6 10. Qe2 Nxd4 11. Bxd4 e5 12. Be3 exf4 13. Bxf4 Be6 14. 0-0-0 0-0 15. e5 dxe5 16. Qxe5 Qc8 17. Qc7 Qxc7 18. Bxc7 Rac8 19. Bd6 Bxd6 20. Rxd6 Rc7 21. Rhd1 Re8 22. Rb6 Bc8 23. Rxf6 gxf6 24. Nd5 Rc6 25. Ne7+ Rxe7 26. Bxc6 Bg4 27. Rd8+ Kg7 28. Re8 Rxe8 29. Bxe8 Kf8 30. Ba4 Ke7 31. Kd2 Be6 32. Bb3 Kd6 33. c3 h6 34. g3 Ke5 35. Kd3 b5 36. c4 b4 37. a3 a5 38. axb4 axb4 39. Ba2 Bf5+ 40. Ke3 Bc2 41. b3 Bf5 42. Kd2 Kd4 43. Kc1 Ke3 44. Bb1 Bd7 45. Kd1 Kf3 46. Kd2 h5 47. Bd3 Kg2 48. Ke3 Kxh2 49. Kf2 Bc6 50. Bf5 Be8 51. Be4 Bd7 52. Bd5 Kh3 53. Bxf7 1-0

[Event "ROM-ch U18"]
[Site "Sovata"]
[Date "2001.??.??"]
[Round "?"]
[White "Dumitru, Victor Iulian"]
[Black "Bodnar, Ovidiu"]
[Result "0-1"]
[WhiteElo "2160"]
[BlackElo "2195"]
[PlyCount "96"]
[EventDate "2001.03.31"]
[EventType "tourn"]
[EventRounds "11"]
[EventCountry "ROU"]
[SourceTitle "EXT 2008"]
[Source "ChessBase"]
[SourceDate "2007.11.25"]
[SourceVersion "1"]
[SourceVersionDate "2007.11.25"]
[SourceQuality "1"]

1. e4 c6 2. d4 d5 3. e5 Na6 4. Bd3 Nb4 5. Be2 Bf5 6. Na3 e6 7. c3 Na6 8. Nc2 Ne7 9. Ne3 Be4 10. f3 Bg6 11. Nh3 Nf5 12. 0-0 h6 13. g4 Ne7 14. Nf4 h5 15. Neg2 hxg4 16. fxg4 Be4 17. Bf3 Bh7 18. Qe1 c5 19. Qf2 cxd4 20. cxd4 Nc6 21. Bd1 Qd7 22. Be3 Na5 23. b3 Rc8 24. Ne1 Nc7 25. Nf3 Be7 26. Nh5 0-0 27. g5 Qd8 28. Qg3 Bg6 29. Nf4 Bf5 30. Rc1 Ba3 31. Nh5 Bg6 32. Nf6+ gxf6 33. gxf6 Bxc1 34. Bxc1 Ne8 35. Ba3 Nxf6 36. exf6 Qxf6 37. Ne5 Qg7 38. Bxf8 Rxf8 39. Qe3 Bd3+ 40. Kf2 Bxf1 41. Kxf1 Nc6 42. Ng4 Rc8 43. Nh6+ Kf8 44. Bh5 Qf6+ 45. Kg2 Nxd4 46. Nxf7 Rc2+ 47. Kh3 Qf1+ 48. Kg4 Rg2+ 0-1

[Event "ROM-ch U18"]
[Site "Sovata"]
[Date "2001.??.??"]
[Round "?"]
[White "Dumitru, Victor Iulian"]
[Black "Sebe Vodislav, Razvan Alex"]
[Result "0-1"]
[WhiteElo "2160"]
[BlackElo "2310"]
[PlyCount "48"]
[EventDate "2001.03.31"]
[EventType "tourn"]
[EventRounds "11"]
[EventCountry "ROU"]
[SourceTitle "EXT 2008"]
[Source "ChessBase"]
[SourceDate "2007.11.25"]
[SourceVersion "1"]
[SourceVersionDate "2007.11.25"]
[SourceQuality "1"]

1. e4 c5 2. Nf3 d6 3. d4 cxd4 4. Nxd4 Nf6 5. Nc3 g6 6. Be3 Bg7 7. f3 0-0 8. Qd2 Nc6 9. Bc4 Bd7 10. 0-0-0 Ne5 11. Bb3 Rc8 12. g4 b5 13. Nd5 Nxd5 14. Bxd5 a5 15. a3 b4 16. axb4 axb4 17. Qxb4 Rb8 18. Qd2 Nxf3 19. Qg2 Ne5 20. g5 Qa5 21. h4 Bg4 22. h5 gxh5 23. Nf5 Nd3+ 24. cxd3 Qa1+ 0-1

[Event "ROM-ch U18"]
[Site "Sovata"]
[Date "2001.??.??"]
[Round "?"]
[White "Lupulescu, Constantin"]
[Black "Dumitru, Victor Iulian"]
[Result "1-0"]
[WhiteElo "2345"]
[BlackElo "2160"]
[PlyCount "53"]
[EventDate "2001.03.31"]
[EventType "tourn"]
[EventRounds "11"]
[EventCountry "ROU"]
[SourceTitle "EXT 2008"]
[Source "ChessBase"]
[SourceDate "2007.11.25"]
[SourceVersion "1"]
[SourceVersionDate "2007.11.25"]
[SourceQuality "1"]

1. e4 c5 2. Nf3 d6 3. Bb5+ Bd7 4. Bxd7+ Nxd7 5. 0-0 Ngf6 6. Re1 Qc7 7. c4 g6 8. Nc3 Bg7 9. b3 Ng4 10. d4 cxd4 11. Nxd4 Qb6 12. Qxg4 Bxd4 13. Be3 Bxe3 14. Rxe3 Nf6 15. Qh4 Qd8 16. Rd1 Qc7 17. Nd5 Nxd5 18. exd5 Kf8 19. Rde1 Re8 20. Qh6+ Kg8 21. h4 f6 22. Qf4 Kg7 23. h5 Qd7 24. Re6 Rhf8 25. Qe3 Rf7 26. Qxa7 f5 27. Qe3 1-0

[Event "ROM-ch U18"]
[Site "Sovata"]
[Date "2001.??.??"]
[Round "?"]
[White "Raceanu, Valentin"]
[Black "Dumitru, Victor Iulian"]
[Result "1-0"]
[WhiteElo "2375"]
[BlackElo "2160"]
[PlyCount "117"]
[EventDate "2001.03.31"]
[EventType "tourn"]
[EventRounds "11"]
[EventCountry "ROU"]
[SourceTitle "EXT 2008"]
[Source "ChessBase"]
[SourceDate "2007.11.25"]
[SourceVersion "1"]
[SourceVersionDate "2007.11.25"]
[SourceQuality "1"]

1. d4 d5 2. c4 e6 3. Nc3 Nf6 4. cxd5 exd5 5. Bg5 Be7 6. e3 c6 7. Bd3 Nbd7 8. Nge2 0-0 9. Qc2 Re8 10. 0-0 Ne4 11. Bxe4 dxe4 12. Bf4 g5 13. Bg3 f5 14. Nd5 f4 15. Nxe7+ Qxe7 16. exf4 g4 17. Nc3 Nb6 18. Rfe1 Qf7 19. Nxe4 Bf5 20. f3 gxf3 21. gxf3 Rad8 22. Bh4 Bxe4 23. fxe4 Rxd4 24. Re2 Qc4 25. Qxc4+ Nxc4 26. Rae1 Nd2 27. Bf2 Rdxe4 28. Rxe4 Rxe4 29. Rxe4 Nxe4 30. Bxa7 Kf7 31. Kg2 Ke6 32. Kf3 Kf5 33. Bb8 Nf6 34. Kg3 c5 35. a4 c4 36. Kf3 Nd5 37. Bd6 c3 38. bxc3 Nxc3 39. a5 Nd5 40. Be5 Ne7 41. Ke3 Nc6 42. Bc7 Ke6 43. Ke4 Ne7 44. Kd4 Kd7 45. Bb6 Ke6 46. Kc5 Kd7 47. Kb5 Ke6 48. Bc7 Nc8 49. Kc5 Kd7 50. Be5 Ke6 51. Bb8 Kd7 52. f5 Ne7 53. f6 Nc6 54. f7 Ke7 55. Bc7 Kxf7 56. Kb6 Ke7 57. Kxb7 Kd7 58. a6 Na7 59. Bb6 1-0

[Event "Radulescu Memorial"]
[Site "Calimanesti"]
[Date "2000.??.??"]
[Round "?"]
[White "Dumitru, Victor Iulian"]
[Black "Kutnik, Alexandru"]
[Result "1/2-1/2"]
[WhiteElo "2262"]
[BlackElo "2229"]
[PlyCount "116"]
[EventDate "2000.??.??"]
[EventType "swiss"]
[EventRounds "9"]
[EventCountry "ROU"]
[SourceTitle "EXT 2001"]
[Source "ChessBase"]
[SourceDate "2000.11.22"]
[SourceVersion "1"]
[SourceVersionDate "2000.11.22"]
[SourceQuality "1"]

1. e4 d5 2. exd5 Qxd5 3. Nc3 Qa5 4. d4 c6 5. Nf3 Nf6 6. Bc4 Bf5 7. 0-0 e6 8. Ne2 Bd6 9. Bf4 Qc7 10. Bxd6 Qxd6 11. Ng3 Bg4 12. c3 Nbd7 13. h3 Bxf3 14. Qxf3 0-0 15. Rfe1 Rad8 16. Rad1 Rfe8 17. Nf1 Nf8 18. h4 h6 19. Ne3 b6 20. Bd3 Qc7 21. g4 Nd5 22. Ng2 b5 23. g5 hxg5 24. hxg5 e5 25. Re4 exd4 26. Rh4 Ng6 27. Bxg6 fxg6 28. Rdxd4 Qe5 29. Rhg4 Qe2 30. Qxe2 Rxe2 31. b3 Rf8 32. c4 Nc3 33. Rgf4 Rxa2 34. Rxf8+ Kxf8 35. Nf4 a5 36. cxb5 cxb5 37. Rd7 a4 38. bxa4 bxa4 39. Nxg6+ Ke8 40. Rxg7 a3 41. Re7+ Kd8 42. Ra7 Ra1+ 43. Kh2 a2 44. Ne5 Re1 45. g6 Rxe5 46. f4 Re7 47. Ra8+ Kd7 48. f5 Rg7 49. Kg3 Kc6 50. Kf4 Kb5 51. Rxa2 Nxa2 52. Kg5 Nc3 53. Kh6 Rg8 54. f6 Ne4 55. f7 Nf6 56. g7 Rxg7 57. f8Q Rb7 58. Qxf6 Rb6 1/2-1/2